| 000 | 00557nam a2200157Ia 4500 | ||
|---|---|---|---|
| 999 |
_c27153 _d27153 |
||
| 041 | _aEnglish | ||
| 082 | _aRR.0304 | ||
| 100 |
_aRamakrishnan, Lalitha _uPondicherry University _vPondicherry |
||
| 245 | 0 |
_aStudy of marketing of insurance schemes in Rrural areas with special focus on farmers and women / _cLalitha Ramakrishnan |
|
| 260 |
_aNew Delhi : _bIndian Council of Social Science Research, _c2014 |
||
| 300 | _a229p. | ||
| 536 | _aIndian Council of Social Science Research | ||
| 650 | _aFarm life | ||
| 650 | _aInsurance schemes | ||
| 942 |
_2ddc _cBK |
||